00809nam a22002057a 4500003000400000008004100004020001800045082001800063100001600081245010700097260007400204300001500278650005100293650001200344650002500356700002300381942001200404999001700416952017000433OSt260624b |||||||| |||| 00| 0 eng d a9788119105526 a571.538bS62O aSivaji, M.  aObjectives of Plant Tissue Culture Molecular Biology and Biochemistry / by M. Sivaji, S. Pandarinathan aNew Delhi: bInternational Books & Periodicals Supply Service, c2025 aix, 264 p. aNatural sciences & mathematics (Pure Sciences) aBiology aPlant Tissue Culture a Pandarinathan, S. 2ddccBK c52285d52285 00102ddc4070aRAUbRAUcGENd2026-06-24eToday & Tomorrow Printers and Publishers g750.00l0o571.538 S62Op87129r2026-06-24w2026-01-29yBKkBill No. IN-00449